2024 Formula 1 Drivers - Statistics

General Stats
  • This quiz has been taken 35 times
  • The average score is 19 of 20
Answer Stats
Team Country Driver % Correct
Alpine France Esteban Ocon
100%
Kick Sauber Finland Valtteri Bottas
100%
Aston Martin Spain Fernando Alonso
97%
Mercedes Uk George Russell
97%
Mercedes UK Lewis Hamilton
97%
Kick Sauber China Zhou Guanyu
97%
Ferrari Spain Carlos Sainz
93%
Ferrari Monaco Charles Leclerc
93%
Aston Martin Canada Lance Stroll
93%
McLaren UK Lando Norris
93%
Red Bull Netherlands Max Verstappen
93%
McLaren Australia Oscar Piastri
93%
Alpine France Pierre Gasly
93%
Red Bull Mexico Sergio Perez
93%
RB Australia Daniel Ricciardo
90%
Williams USA Logan Sargeant
90%
Haas Germany Nico Hülkenberg
90%
Williams Thailand Alex Albon
87%
RB Japan Yuki Tsunoda
83%
Haas Denmark Kevin Magnussen
80%
No matching quizzes found
Score Distribution
Percent of People with Each Score
Percentile by Number Answered
Your Score History
You have not taken this quiz